LEADER 00849nam0-22003011i-450- 001 990003008920403321 010 $a0-444-87636-7 035 $a000300892 035 $aFED01000300892 035 $a(Aleph)000300892FED01 035 $a000300892 100 $a20000920d1985----km-y0itay50------ba 101 0 $aita 102 $aIT 200 1 $aAmong Economists$eReflections of a Neo-Classical Post Keynesian$fJan Pen. 210 $aAmsterdam$cNorth-Holland$d1985. 215 $aVII, 200 p.$d18 cm 225 1 $aLectures in Economics$eTheory, Institutions, Policy$v5 676 $aD/8.20 702 1$aPen,$bJan$f<1921-2010> 801 0$aIT$bUNINA$gRICA$2UNIMARC 901 $aBK 912 $a990003008920403321 952 $aD/8.20 PEN/N.A.$b9564$fSES 959 $aSES 996 $aAmong Economists$9468197 997 $aUNINA DB $aING01 LEADER 01247nam0-2200421---450- 001 990000998230203316 005 20090324120817.0 010 $a88-243-0981-X 035 $a0099823 035 $aUSA010099823 035 $a(ALEPH)000099823USA01 035 $a0099823 100 $a20020226d1992----km-y0ITAy01------ba 101 $aita 102 $aIT 105 $a||||||||001yy 200 1 $a<> arbitraggio$fGoffredo Zuddas 210 $aNapoli$cJovene$d1992 215 $aXIX, 226 p$d25 cm 225 2 $aBiblioteca di diritto privato$v42 410 $12001$aBiblioteca di diritto privato$v42 606 0 $aArbitraggio 676 $a347.4509 700 1$aZUDDAS,$bGoffredo$0248700 801 0$aIT$bsalbc$gISBD 912 $a990000998230203316 951 $aXXV.1.H 7 (IEP X 499)$b571 EC$cIEP X$d00203852 951 $aIEP X 49$b804 G$cIEP X$d00197721 951 $aIEP X 49$b8876 G$cIEP X 959 $aBK 969 $aGIU 979 $aPATTY$b90$c20020226$lUSA01$h1704 979 $c20020403$lUSA01$h1741 979 $aPATRY$b90$c20040406$lUSA01$h1709 979 $aRSIAV5$b90$c20090216$lUSA01$h1345 979 $aRSIAV1$b90$c20090324$lUSA01$h1208 996 $aArbitraggio$9665176 997 $aUNISA LEADER 01105nam a2200253 i 4500 001 991000649189707536 005 20020507171745.0 008 930512s1991 it ||| | ita d 035 $ab10737923-39ule_inst 035 $aLE01300160$9ExL 040 $aDip.to Matematica$beng 084 $aAMS 65F10 100 1 $aCagnazzo, Maria Rosaria$0534505 245 10$aAlcune considerazioni sui metodi iterativi per la risoluzione di sistemi lineari. Tesi di laurea /$claureanda M. R. Cagnazzo ; relat. L. Guercia 260 $aLecce :$bUniversità degli studi. Facoltà di Scienze. Corso di laurea in Matematica,$ca.a. 1991-92 650 4$aIterative methods 650 4$aLinear systems 700 1 $aGuercia, Liana 907 $a.b10737923$b28-09-16$c28-06-02 912 $a991000649189707536 945 $aLE013 TES 1991/92 CAG1$g1$i2013000229065$lle013$o-$pE0.00$q-$rl$s- $t0$u0$v0$w0$x0$y.i10828370$z28-06-02 996 $aAlcune considerazioni sui metodi iterativi per la risoluzione di sistemi lineari. Tesi di laurea$9911064 997 $aUNISALENTO 998 $ale013$b01-01-93$cm$da $e-$feng$git $h0$i1